000 00465nam a2200181Ia 4500
001 15962
005 20260306170234.0
008 260306t2019||||xx |||||||||||||| ||und||
041 _aESP
082 _a620.86
_bH39I
100 _aHenao Osorio, Sergio,
_eAUT
245 0 _aISO 45001 :
_b2018 Herramientas para la implementación del SGSST
260 _c2019
300 _a150 páginas :
_c21 cm.
650 _aGEN
654 _aCII
942 _cLIB
_dJUS
_fJUS
_2ddc
_n
999 _c15962
_d15962